Statistics for 20 Words Ending in -AT

Click here to take the quiz!

General Stats

  • This quiz has been taken 44 times
  • The average score is 11 of 20

Answer Stats

definitionword% Correct
jewelry weight measure, 0.2 gcarat
89%
occupy vacant property illegallysquat
79%
trench filled with water for protectionmoat
76%
what infants suck milk fromteat
76%
5-letter capital cityRabat
71%
circus performeracrobat
68%
military withdrawalretreat
66%
horned animalgoat
63%
resident in a foreign countryexpat
61%
what bad-mannered winners dogloat
61%
what German Boot means in Englishboat
58%
swell upbloat
55%
Australian marsupialwombat
55%
believer in political equalitydemocrat
47%
where plants or animals livehabitat
42%
French chewy candynougat
37%
card gamebaccarat
32%
what makes you scaredthreat
32%
Arabian chewed narcoticqat
29%
Burmese currency; 100 pyaskyat
8%

Score Distribution

Percentile by Number Answered

Percent of People with Each Score

Your Score History

You have not taken this quiz